| 000 | 02933 am a2200421Ka 4500 | ||
|---|---|---|---|
| 999 |
_c28666 _d28637 |
||
| 001 | ocn664693405 | ||
| 003 | EG-ScBUE | ||
| 005 | 20200906144428.0 | ||
| 006 | m d | ||
| 007 | cr|cn||||||||| | ||
| 008 | 100921r20142011moua f bd 001 0 eng d | ||
| 020 | _z9788131226575 | ||
| 035 | _a(OCoLC)ocn664693405 | ||
| 040 |
_aOPELS _beng _erda _cOPELS _dIUD _dEG-ScBUE |
||
| 082 | 0 | 4 |
_a617.692 _bCAR _222 |
| 100 | 1 |
_aCarr, Alan B., _eauthor. |
|
| 245 | 1 | 0 |
_aMcCracken's removable partial prosthodontics / _cAlan B. Carr, DMD, MS, professor, Department of Dental Specialties, Mayo Clinic, Rochester, Minnesota, David T. Brown, DDS, MS, chair, Department of Restorative Dentistry, Indiana University, School of Dentistry, Indianapolis, Indiana. |
| 250 | _aTwelfth edition. | ||
| 250 | _aReprinted edition. | ||
| 264 | 1 |
_aLouis, Missouri : _bMOSBY, _c2014. |
|
| 300 |
_aviii, 385 pages : _billustrations (chiefly color) ; _c29 cm |
||
| 336 |
_2rdacontent _atext _btxt |
||
| 337 |
_2rdamedia _aunmediated _bn |
||
| 338 |
_2rdacarrier _avolume _bnc |
||
| 500 | _aIncludes appendices. | ||
| 500 | _aIncludes glossary. | ||
| 504 | _aIncludes bibliographical references and index. | ||
| 505 | 0 | _aPartially edentulous epidemiology, physiology, and terminology -- Consideration for managing partial tooth loss : tooth replacements from the patient perspective -- Classification of partially edentulous arches -- Biomechanics of removable partial dentures -- Major and minor connectors -- Rests and rest seats -- Direct retainers -- Indirect retainers -- Denture base considerations -- Principles of removable partial denture design -- Surveying -- Diagnosis and treatment planning -- Preparation of the mouth for removable partial dentures -- Preparation of abutment teeth -- Impression materials and procedures for removable partial dentures -- Support for the distal extension denture base -- Occlusal relationships for removable partial dentures -- Laboratory procedures -- Work authorizations for removable partial dentures -- Initial placement, adjustment, and servicing of the removable partial denture -- Relining and rebasing the removable partial denture -- Repairs and additions to removable partial dentures -- Interim removable partial dentures -- Removable partial denture considerations in maxillofacial prosthetics -- Considerations for the use of dental implants with removable partial dentures. | |
| 588 | _aDescription based on print record. | ||
| 650 | 7 |
_aPartial dentures, Removable. _2BUEsh |
|
| 653 |
_bGGEN _cAugust2020 |
||
| 655 |
_vReading book _934232 |
||
| 700 | 1 |
_aBrown, David T., _eauthor. |
|
| 776 | 0 | 8 |
_iPrint version: _w(DLC) 2010928146 _w(OCoLC)620103453 |
| 856 | 4 | 1 |
_aIUPUI _uhttps://www.sciencedirect.com/science/book/9780323069908 _zConnect to resource |
| 856 | 4 |
_aIUPUI _uhttp://atoz.ebsco.com/titles.asp?txtKeyword=mccracken%27s+removable+partial&SF=Titles&id=2272 |
|
| 942 |
_2ddc _cBB |
||